Bölgesel iktisat / (Kayıt no. 10187)
[ düz görünüm ]
| 000 -BAŞLIK | |
|---|---|
| Sabit Uzunluktaki Kontrol Alanı | 01125nam a22002177a 4500 |
| 003 - KONTROL NUMARASI KİMLİĞİ | |
| Kontrol Alanı | KOHA_MİRAKIL |
| 005 - EN SON İŞLEM TARİHİ ve ZAMANI | |
| Kontrol Alanı | 20260414071339.0 |
| 008 - SABİT UZUNLUKTAKİ VERİ ÖGELERİ - GENEL BİLGİ | |
| Sabit Alan | 260408b tu ||||| |||| 00| 0 tur d |
| 040 ## - KATALOGLAMA KAYNAĞI | |
| Özgün Kataloglama Kurumu | TR-AnABB |
| Kataloglama Dili | tur |
| Çeviri Kurumu | TR-AnABB |
| 041 ## - DİL KODU | |
| Metin ya da ses kaydının dil kodu | tur |
| 082 ## - DEWEY ONU SINIFLAMA SİSTEMİ | |
| Sınıflama Numarası | 338.9 |
| Cutter numarası | DIN 1978 |
| 100 1# - KİŞİ ADI | |
| Yazar Adı (Kişi adı) | Dinler, Zeynel |
| 245 10 - ESER ADI BİLDİRİMİ | |
| Başlık | Bölgesel iktisat / |
| Sorumluluk Bildirimi | Zeynel Dinler |
| 260 ## - YAYIN, DAĞITIM, VB. | |
| Yayın Yeri | Ankara : |
| Yayınevi | [yayl. y.] , |
| Yayın Tarihi | 1978 |
| 300 ## - FİZİKSEL TANIMLAMA | |
| Sayfa, Cilt vb. | 375 sayfa ; |
| Boyutları | 24 cm |
| 504 ## - BİBLİYOGRAFİ NOTU | |
| Bibliyografi Notu | Kaynakça vardır. |
| 505 ## - İÇİNDEKİLER NOTU | |
| İçindekiler Notu | İçindekiler: Ekonomik düşüncede alansal analiz - Faaliyetlerin alanda dağılım nedenleri işletmelerin kuruluş yerini etkileyen etmenler - Ekonomik alan ve bölge kavramı - Ekonomik gelişme sonucu ortaya çıkan bölgesel gelişme farkları - Türkiye'de bölgelerarası sosyal ve ekonomik gelişmişlik farkları - Bölgesel kalkınma politikasının ilke amaç ve araçları - Bölgeler arası gelişmişlik farklarını azaltmaya yönelik araçlar ve Türkiye - Kalkınma kutupları kuramı - Kalkınma kutuplarının yaratılması |
| 650 04 - KONU BAŞLIĞI EK GİRİŞ - KONU TERİMİ | |
| Konusal terim veya coğrafi ad | Ekonomik politika |
| 900 ## - YEREL BİLGİ | |
| Kontrol | Can ÇELIK |
| 942 ## - EK GİRİŞ ÖGELERİ (KOHA) | |
| Sınıflama Kaynağı | Dewey Decimal Classification |
| Materyal Türü | Kitap |
| Geri Çekilme Durumu | Kayıp Durumu | Sınıflandırma Kaynağı | Kredi için değil | Kalıcı Konum | Mevcut Konum | Kayıt Tarih | Toplam Ödünçverme | Yer Numarası | Demirbaş Numarası | Son Görülme Tarihi | Fatura Tarihi | Materyal Türü |
|---|---|---|---|---|---|---|---|---|---|---|---|---|
| Dewey Decimal Classification | Prof. Dr. Ruşen Keleş Kütüphanesi | Prof. Dr. Ruşen Keleş Kütüphanesi | 08/04/2026 | 338.9 DIN 1978 | RK7012 | 08/04/2026 | 08/04/2026 | Kitap |
